Physics of solar cells: from basic principles to advanced concepts/ (Record no. 60769)
| 000 -BAŞLIK | |
|---|---|
| Sabit Uzunluktaki Kontrol Alanı | 02035nam a22003977a 4500 |
| 001 - KONTROL NUMARASI | |
| Control Dosyası | 0060968 |
| 003 - KONTROL NUMARASI KİMLİĞİ | |
| Kontrol Alanı | KOHA_MİRAKIL |
| 005 - EN SON İŞLEM TARİHİ ve ZAMANI | |
| Kontrol Alanı | 20260207004319.0 |
| 007 - FİZİKSEL TANIM SABİT ALAN - GENEL BİLGİ | |
| Sabit uzunluklu kontrol alanı | ta |
| 008 - SABİT UZUNLUKTAKİ VERİ ÖGELERİ - GENEL BİLGİ | |
| Sabit Alan | 170912b2009 xx a|||gr||||#||||0|eng | |
| 020 ## - ISBN - ULUSLARARASI STANDART KİTAP NUMARASI | |
| Isbn | 9783527408573 |
| Nitelik bilgileri | (pbk) |
| 020 ## - ISBN - ULUSLARARASI STANDART KİTAP NUMARASI | |
| Isbn | 3527408576 |
| Nitelik bilgileri | (pbk.) |
| Kullanılabilirlik koşulları | 325,60000000000002 |
| 040 ## - KATALOGLAMA KAYNAĞI | |
| Özgün Kataloglama Kurumu | TR-BiSEU |
| Kataloglama Dili | tur |
| Çeviri Kurumu | TR-BiSEU |
| Açıklama Kuralları | rda |
| 041 0# - DİL KODU | |
| Metin ya da ses kaydının dil kodu | eng |
| 050 ## - SINIFLAMA ve YER NUMARASI | |
| Sınıflama Numarası | TK2960 |
| Yer Numarası | .W87 2009 |
| 100 1# - KİŞİ ADI | |
| Yazar Adı (Kişi adı) | Würfel, Peter. |
| 245 1# - ESER ADI BİLDİRİMİ | |
| Başlık | Physics of solar cells: from basic principles to advanced concepts/ |
| Sorumluluk Bildirimi | Peter Würfel ; Peter Würfel.. |
| 250 ## - BASIM BİLDİRİMİ | |
| Basım Bildirimi | 2nd, updated and expanded ed. / |
| Remainder of edition statement | problems and solutions by Uli Würfel. |
| 264 #1 - ÜRERİM, YAYIN, DAĞITIM ve TELİF BİLDİRİMİ | |
| Yayın yeri | Weinheim : |
| Yayınlayan | Wiley-VCH |
| Yayın tarihi | 2009 |
| 300 ## - FİZİKSEL TANIMLAMA | |
| Sayfa, Cilt vb. | xii, 244 page : |
| Diğer fiziki detaylar | illustrated ; |
| Boyutları | 24 cm. |
| 336 ## - İÇERİK TÜRÜ | |
| Content type term | metin |
| Content type code | txt |
| Source | rdacontent |
| 337 ## - MEDYA TÜRÜ | |
| Media type term | aracısız |
| Media type code | n |
| Source | rdamedia |
| 338 ## - TAŞIYICI TÜRÜ | |
| Carrier type term | cilt |
| Carrier type code | nc |
| Source | rdacarrier |
| 490 0# - DİZİ BİLDİRİMİ | |
| Dizi Bildirimi | Physics textbook |
| 500 ## - GENEL NOT | |
| Genel Not | Includes bibliographical references (p. 239-240) and index. |
| 500 ## - GENEL NOT | |
| Genel Not | 1. Problems of the Energy Economy -- 2. Photons -- 3. Semiconductors -- 4. Conversion of Thermal Radiation into Chemical Energy -- 5. Conversion of Chemical Energy into Electrical Energy -- 6. Basic Structure of Solar Cells -- 7. Limitations on Energy Conversion in Solar Cells -- 8. Concepts for Improving the Efficiency of Solar Cells -- Prospects for the Future -- Solutions. |
| 505 ## - İÇİNDEKİLER NOTU | |
| İçindekiler Notu | This text contains the latest knowledge on the mechanisms of solar energy conversion. Requiring no more than standard physics knowledge, it enables readers to understand the factors driving conversion efficiency and to apply this knowledge to their own solar cell development. |
| 650 #0 - KONU BAŞLIĞI EK GİRİŞ - KONU TERİMİ | |
| Konusal terim veya coğrafi ad | Solar cells. |
| 9 (RLIN) | 112855 |
| 650 #0 - KONU BAŞLIĞI EK GİRİŞ - KONU TERİMİ | |
| Konusal terim veya coğrafi ad | Solar cells--Problems, exercises, etc. |
| 9 (RLIN) | 112856 |
| 650 #0 - KONU BAŞLIĞI EK GİRİŞ - KONU TERİMİ | |
| Konusal terim veya coğrafi ad | Problems, exercises, etc. |
| 9 (RLIN) | 112857 |
| 650 #0 - KONU BAŞLIĞI EK GİRİŞ - KONU TERİMİ | |
| Konusal terim veya coğrafi ad | Güneş enerjisi. |
| 9 (RLIN) | 3112 |
| 650 #0 - KONU BAŞLIĞI EK GİRİŞ - KONU TERİMİ | |
| Konusal terim veya coğrafi ad | Güneş enerjisi--Problemler, Alıştırmalar, vb. |
| 9 (RLIN) | 112858 |
| 650 #0 - KONU BAŞLIĞI EK GİRİŞ - KONU TERİMİ | |
| Konusal terim veya coğrafi ad | Problemler, alıştırmalar vb. |
| 9 (RLIN) | 2010 |
| 830 0# - SERİ EK GİRİŞİ - TEKBİÇİM ESER ADI | |
| Tekbiçim Başlık | Physics textbook |
| 9 (RLIN) | 112859 |
| 942 ## - EK GİRİŞ ÖGELERİ (KOHA) | |
| Source of classification or shelving scheme | Library of Congress Classification |
| Koha item type | Book |
| Materyal Türü | Kalıcı Konum | Mevcut Konum | Raf Yeri | Sınıflandırma Kaynağı | Edinim Bilgisi | Ana Konular | Alt Konular | Yer Numarası | Demirbaş Numarası | Fatura Tarihi | Geri Çekilme Durumu | Kayıp Durumu | Hasarlı Durumu | Kredi için değil | Kayıt Tarih | Toplam Ödünçverme | Son Görülme Tarihi | Son Kontrol Tarihi |
|---|---|---|---|---|---|---|---|---|---|---|---|---|---|---|---|---|---|---|
| Book | Prof. Dr. Azmi Özcan Kütüphanesi | Prof. Dr. Azmi Özcan Kütüphanesi | Birûni Salonu | Library of Congress Classification | Satın | TEKNOLOJİ | Elektrik Mühendisliği, Elektronik, Nükleer Mühendislik | TK2960 .W87 2009 | 0060968 | 02/02/2026 | 12/09/2017 | 1 | 05/12/2024 | 05/12/2024 |
